000 00393nam a2200169Ia 4500
008 181130s2018 xx 000 0 und d
100 _aCall, Charles T.
245 _aIs prevention the answer?
260 _c2018
300 _ap.64-77.
504 _dWinter
650 _aCivil war
650 _aViolence
700 _aCampbell, Susanna P.
773 _aDaedalus
906 _aCivil war
999 _c506610
_d506610